| 000 -LEADER |
| fixed length control field |
01295nam a22001817a 4500 |
| 020 ## - INTERNATIONAL STANDARD BOOK NUMBER |
| ISBN |
9780367464998 |
| 082 ## - DEWEY DECIMAL CLASSIFICATION NUMBER |
| Classification number |
153.98 |
| Item number |
F179 2023 |
| 245 ## - TITLE STATEMENT |
| Title |
Living with extreme intelligence : developing essential communication skills / Sonja Falck |
| 260 ## - PUBLICATION, DISTRIBUTION, ETC. (IMPRINT) |
| Place of publication |
London ; New York, NY : |
| Name of publisher |
Routledge, |
| Year of publication |
2023. |
| 300 ## - PHYSICAL DESCRIPTION |
| Number of Pages |
1 online resource, xvii, 195 pages : |
| Other physical details |
illustrations. |
| 500 ## - GENERAL NOTE |
| General note |
Includes index. |
| 505 ## - FORMATTED CONTENTS NOTE |
| Formatted contents note |
Communication foundations -- The neurophysiology of communication -- The social foundation -- Seven essential communication skills -- Putting skills into practice -- Socializing situations -- Workplace and office politics -- Dating and intimate relationships -- Handling conflict. |
| 520 ## - SUMMARY, ETC. |
| Summary, etc |
Living with Extreme Intelligence: Developing Essential Communication Skills by Dr. Sonja Falck is a practical guide for adults with high IQs (top 2%) to improve interpersonal relationships, reduce loneliness, and overcome social challenges. It provides actionable tools for navigating difficult conversations, small talk, and career, emphasizing that understanding individual differences in neuro-cognition facilitates better connections. |
| 650 ## - SUBJECT ADDED ENTRY--TOPICAL TERM |
| Topical Term |
Communicative competence. |
| 650 ## - SUBJECT ADDED ENTRY--TOPICAL TERM |
| Topical Term |
Gifted adult -- Psychology. |
| 650 ## - SUBJECT ADDED ENTRY--TOPICAL TERM |
| Topical Term |
Interpersonal communication. |
| 942 ## - ADDED ENTRY ELEMENTS (KOHA) |
| Koha item type |
Electronic Books |